| 000 | 00632nam a22002297a 4500 | ||
|---|---|---|---|
| 005 | 20170124105955.0 | ||
| 010 | _aA-518260 | ||
| 020 | _c60.00 | ||
| 035 | _aA-518260 | ||
| 037 | _bCen Lib/Ret | ||
| 040 |
_aDPL _bEN |
||
| 082 |
_a330.12 _bSEN |
||
| 100 |
_aSen, K.K. _99395 |
||
| 245 |
_aComparative economic system / _cby K.K. Sen |
||
| 250 | _a4th rev. ed | ||
| 260 |
_aNew Delhi _bSultan chand _c1990 |
||
| 270 |
_a23, Daryaganj _bNew Delhi _e110002 |
||
| 300 |
_avarious pagings _c21cm(Hb) |
||
| 650 |
_aEconomics _914473 |
||
| 650 |
_aEconomical development _99165 |
||
| 942 |
_2ddc _cEN _h330.12 _mSEN |
||
| 999 |
_c125470 _d125470 |
||